[Event "AUTO-OPEN-282"]
[Site "http://www.queenalice.com/game.php?id=108139"]
[Date "2006.9.20"]
[Round "2"]
[White "rojen12"]
[Black "andbra"]
[Result "0-1"]
[WhiteElo "1611"]
[BlackElo "2075"]

1. d4 Nf6 2. e3 d5 3. Bd3 Nc6 4. Nf3 Bg4 5. h3 Bxf3 6. Qxf3 e5 7. O-O e4 8. Bxe4
dxe4 9. Qf5 Qd7 10. Qxd7+ Kxd7 11. Nc3 Bb4 12. Bd2 Bxc3 13. Bxc3 Ke6 14. a4 a6
15. b4 b5 16. Rfd1 Nd5 17. Be1 Ncxb4 18. Bxb4 Nxb4 19. c3 Nd5 20. Ra3 Nb6 21.
axb5 axb5 22. Rb3 c6 23. c4 Nxc4 24. g4 Kd5 25. Kg2 Ra2 26. h4 f5 27. g5 h6 28.
g6 Rf8 0-1

[Event "AUTO-OPEN-282"]
[Site "http://www.queenalice.com/game.php?id=108140"]
[Date "2006.9.20"]
[Round "2"]
[White "andbra"]
[Black "rojen12"]
[Result "1-0"]
[WhiteElo "2073"]
[BlackElo "1648"]

1. e4 e5 2. Nf3 Nc6 3. Bb5 Nge7 4. O-O g6 5. c3 a6 6. Ba4 b5 7. Bb3 Bg7 8. d4
exd4 9. cxd4 d6 10. Nc3 O-O 11. h3 b4 12. Nd5 Nxd5 13. Bxd5 Bb7 14. Bg5 Bf6 15.
Bxf6 Qxf6 16. Rc1 Na5 17. Bxb7 Nxb7 18. Rxc7 Na5 19. Qa4 Qe6 20. Qxa5 Qxe4 21.
Qxb4 d5 22. Ne5 Qf5 23. Re1 Rab8 24. Qd2 Rfe8 25. Rxf7 Rf8 26. Rxf5 Rxf5 27. Nc6
Rb7 28. Qh6 Rf8 29. Ne7+ Rxe7 30. Rxe7 1-0

[Event "AUTO-ELITE-57"]
[Site "http://www.queenalice.com/game.php?id=110119"]
[Date "2006.9.26"]
[Round "2"]
[White "andbra"]
[Black "sergiogvh"]
[Result "1-0"]
[WhiteElo "2122"]
[BlackElo "2163"]

1. e4 e6 2. d4 d5 3. Nc3 Bb4 4. e5 c5 5. a3 Bxc3+ 6. bxc3 Ne7 7. h4 Qc7 8. Nf3
Bd7 9. h5 h6 10. Bd3 Nbc6 11. O-O O-O-O 12. a4 f6 13. Re1 fxe5 14. Nxe5 Nxe5 15.
Bf4 N7c6 16. Bxe5 Nxe5 17. Rxe5 Rhf8 18. Bg6 Qa5 19. Qd3 c4 20. Qxc4+ Kb8 21.
Qd3 Rc8 22. c4 dxc4 23. Qg3 Qc7 24. Be4 Rf7 25. Rb1 b6 26. a5 Rcf8 27. axb6 axb6
28. Rxb6+ Qxb6 29. Rb5+ Ka7 30. Qa3+ 1-0

[Event "AUTO-ELITE-57"]
[Site "http://www.queenalice.com/game.php?id=110120"]
[Date "2006.9.26"]
[Round "2"]
[White "sergiogvh"]
[Black "andbra"]
[Result "1-0"]
[WhiteElo "2027"]
[BlackElo "2179"]

1. e4 c5 2. d4 cxd4 3. c3 dxc3 4. Nxc3 e6 5. Nf3 Nc6 6. Bc4 a6 7. O-O Nge7 8.
Qe2 Ng6 9. Rd1 Be7 10. Be3 O-O 11. Rac1 b5 12. Bb3 Bb7 13. Qd2 d6 14. Bg5 Na5
15. Bxe7 Qxe7 16. Qxd6 Qxd6 17. Rxd6 b4 18. Ne2 Nxb3 19. axb3 Bxe4 20. Nd2 Bd5
21. Ra1 Rfc8 22. Nc4 Bxc4 23. bxc4 Rxc4 24. Rdxa6 Rxa6 25. Rxa6 h6 26. Kf1 Rc2
27. b3 Rb2 28. Nc1 Rb1 29. Rc6 Nf4 30. Ke1 Nxg2+ 31. Ke2 Rb2+ 32. Kf3 Nh4+ 33.
Ke3 Nf5+ 34. Kd3 Rxf2 35. Rb6 Rxh2 36. Rxb4 g5 37. Rb8+ Kg7 38. b4 h5 39. b5 h4
40. b6 h3 41. b7 Rb2 42. Kc3 1-0

[Event "AUTO-ELITE-57"]
[Site "http://www.queenalice.com/game.php?id=110121"]
[Date "2006.9.26"]
[Round "2"]
[White "andbra"]
[Black "losloper"]
[Result "1-0"]
[WhiteElo "2135"]
[BlackElo "2310"]

1. e4 c5 2. Nf3 d6 3. d4 cxd4 4. Nxd4 Nf6 5. Nc3 a6 6. Be3 e6 7. f3 b5 8. g4 h6
9. Qd2 Nbd7 10. O-O-O Bb7 11. h4 d5 12. Bh3 b4 13. Na4 Ne5 14. g5 Nfd7 15. g6
Nxg6 16. Nxe6 fxe6 17. Bxe6 Nge5 18. exd5 Qf6 19. Qd4 Rc8 20. Kb1 Nc4 21. Qe4
Rc7 22. Bxd7+ Kxd7 23. Bd4 Qd6 24. Rhe1 Kc8 25. Bb6 Kb8 26. Bxc7+ Qxc7 27. Qe8+
Ka7 28. h5 a5 29. Re6 Nd6 30. Qg6 Bc8 31. Qg1+ Kb7 32. Nc5+ Kb8 33. Rg6 Qa7 34.
Qe3 Bf5 35. Re6 Bxe6 36. dxe6 Be7 37. Qe5 Rc8 38. Nd7+ 1-0

[Event "AUTO-ELITE-57"]
[Site "http://www.queenalice.com/game.php?id=110122"]
[Date "2006.9.26"]
[Round "2"]
[White "losloper"]
[Black "andbra"]
[Result "0-1"]
[WhiteElo "2293"]
[BlackElo "2152"]

1. e4 c5 2. Nf3 d6 3. d4 cxd4 4. Nxd4 Nf6 5. Nc3 a6 6. Bg5 e6 7. f4 Qb6 8. Qd2
Qxb2 9. Rb1 Qa3 10. f5 Nc6 11. fxe6 fxe6 12. Nxc6 bxc6 13. e5 dxe5 14. Bxf6 gxf6
15. Ne4 Qxa2 16. Rd1 Be7 17. Be2 O-O 18. O-O Ra7 19. Rf3 Rd7 20. Qh6 Rxd1+ 21.
Bxd1 Rf7 22. Rg3+ Kh8 23. Qh5 Qa5 24. Kf1 Qd8 25. Nd6 Qxd6 26. Rd3 Qxd3+ 27.
cxd3 Rf8 28. Bb3 a5 29. Qh3 f5 30. Qe3 Bf6 31. Qc5 Rd8 32. Qxc6 Bd7 33. Qb6 Kg7
34. Qxa5 Kg6 35. Qb6 Kf7 36. Bd1 Kg6 37. g4 Rf8 38. Kg2 Kg7 39. d4 e4 40. Bb3
Re8 41. Qc7 Re7 0-1

[Event "AUTO-OPEN-282"]
[Site "http://www.queenalice.com/game.php?id=127622"]
[Date "2006.11.10"]
[Round "3"]
[White "andbra"]
[Black "eliasdiniz"]
[Result "1-0"]
[WhiteElo "2077"]
[BlackElo "1852"]

1. e4 c6 2. d4 d5 3. Nd2 dxe4 4. Nxe4 Nd7 5. Ng5 Ngf6 6. Bd3 e6 7. N1f3 Bd6 8.
Qe2 h6 9. Ne4 Nxe4 10. Qxe4 Nf6 11. Qe2 O-O 12. Bd2 Qe7 13. O-O-O a5 14. g4 a4
15. g5 hxg5 16. Bxg5 b5 17. Ne5 Bb7 18. Ng4 b4 19. Nxf6+ gxf6 20. Qh5 1-0

[Event "AUTO-OPEN-282"]
[Site "http://www.queenalice.com/game.php?id=127623"]
[Date "2006.11.10"]
[Round "3"]
[White "eliasdiniz"]
[Black "andbra"]
[Result "0-1"]
[WhiteElo "1845"]
[BlackElo "2084"]

1. e4 c5 2. Nf3 d6 3. d4 cxd4 4. Qxd4 a6 5. Be3 Nc6 6. Qd1 Nf6 7. Nc3 e6 8. Be2
Be7 9. h3 O-O 10. O-O b5 11. a3 Bb7 12. Qd2 Qc7 13. Nh2 Ne5 14. f4 Nc4 15. Bxc4
Qxc4 16. e5 dxe5 17. fxe5 Rad8 18. Qf2 Nd7 19. Ng4 h5 20. Nh6+ gxh6 21. Bxh6 Bc5
0-1

[Event "QA-ANNIV-02"]
[Site "http://www.queenalice.com/game.php?id=128255"]
[Date "2006.11.11"]
[Round "4"]
[White "andbra"]
[Black "Alexsandro"]
[Result "1-0"]
[WhiteElo "2090"]
[BlackElo "2164"]

1. e4 c5 2. Nf3 d6 3. d4 cxd4 4. Nxd4 Nf6 5. Nc3 a6 6. Be3 e6 7. g4 h6 8. Bg2 e5
9. Nf5 g6 10. Qe2 gxf5 11. exf5 Nc6 12. O-O-O Bd7 13. h4 Qa5 14. g5 hxg5 15.
hxg5 Rxh1 16. Bxh1 Ng8 17. f6 Rc8 18. Bd5 Nd8 19. Bb3 Rxc3 20. bxc3 Qxc3 21. Kb1
a5 22. Rd4 b5 23. Rh4 a4 24. Bd5 a3 25. Bc1 Qc5 26. Bb3 Bf5 27. Rh8 Ne7 28. fxe7
Kxe7 29. g6 Ne6 30. gxf7 Nd4 31. Bg5+ Kd7 32. Qd2 d5 33. Be3 Ke6 34. Bxd4 exd4
35. Kc1 d3 36. Qe3+ Qxe3+ 37. fxe3 Kxf7 38. Bxd5+ Ke7 39. e4 Bg7 40. Rh1 Bb2+
41. Kd2 Bg4 42. Kxd3 b4 43. Kc4 Bc3 44. Rb1 Be2+ 45. Kc5 Bg4 46. Rxb4 Bxb4+ 47.
Kxb4 Kd6 48. c4 Be2 49. c5+ 1-0

[Event "QA-ANNIV-02"]
[Site "http://www.queenalice.com/game.php?id=150570"]
[Date "2007.1.5"]
[Round "5"]
[White "andbra"]
[Black "gerchurches"]
[Result "1-0"]
[WhiteElo "2107"]
[BlackElo "2205"]

1. e4 e6 2. d4 d5 3. Nc3 Bb4 4. Bd3 Nf6 5. e5 Nfd7 6. Qg4 g6 7. Bg5 Be7 8. Nf3
c5 9. Nb5 O-O 10. Qh4 f6 11. exf6 Nxf6 12. dxc5 Nbd7 13. b4 e5 14. O-O a6 15.
Nc3 e4 16. Nd4 Nxc5 17. bxc5 exd3 18. Rae1 d2 19. Re5 Rf7 20. Rd1 Qc7 21. Nf3
Bf5 22. Rxd2 Be4 23. Re2 Bxf3 24. gxf3 Qxc5 25. Rxe7 Rxe7 26. Rxe7 Qxe7 27. Bxf6
Qe6 28. Qd4 Rc8 29. Nxd5 Rxc2 30. Bg5 Kf7 31. Bh6 b5 32. Nf4 Qf5 33. Qh8 Ke7 34.
Qxh7+ Kd8 35. Qg8+ Kd7 36. Nxg6 Re2 37. Be3 Re1+ 38. Kg2 Qf6 39. Qd5+ Kc7 40.
Qc5+ Qc6 41. Qe7+ Kc8 42. Ne5 Qd5 43. Nf7 Rxe3 44. Nd6+ Qxd6 45. Qxd6 1-0

[Event "QA-ANNIV-02"]
[Site "http://www.queenalice.com/game.php?id=210974"]
[Date "2007.5.14"]
[Round "7"]
[White "andbra"]
[Black "csparrow"]
[Result "1-0"]
[WhiteElo "2162"]
[BlackElo "2418"]

1. e4 c5 2. Nf3 d6 3. d4 cxd4 4. Nxd4 Nf6 5. Nc3 a6 6. g3 e5 7. Nde2 Nbd7 8. a4
b6 9. Nd5 Nxd5 10. Qxd5 Rb8 11. Nc3 Bb7 12. Qd1 Nc5 13. Bg2 Be7 14. O-O O-O 15.
b3 Rc8 16. Bb2 Nd7 17. Qe2 Nf6 18. Nd1 Qc7 19. c4 Bc6 20. Nc3 Bd7 21. Rfd1 Rfd8
22. Ba3 h5 23. Rd3 Qb8 24. Rad1 Bg4 25. Bf3 Bxf3 26. Qxf3 Rc7 27. Bc1 g6 28. Bg5
Nh7 29. Bxe7 Rxe7 30. g4 hxg4 31. Qxg4 Re6 32. Rh3 Rd7 33. Rdd3 Qf8 34. Rdf3 Qg7
35. Nd5 f5 36. Qg2 fxe4 37. Rfg3 e3 38. Rxe3 Rf7 39. Rhg3 e4 40. Rg4 Qa1+ 41.
Qf1 Qe5 42. h4 Kg7 43. Qe1 Nf6 44. Rg5 Qd4 45. Nf4 Re5 46. Qc1 1-0

[Event "QA-ANNIV-02"]
[Site "http://www.queenalice.com/game.php?id=241947"]
[Date "2007.7.18"]
[Round "8"]
[White "eagacunha"]
[Black "andbra"]
[Result "1/2-1/2"]
[WhiteElo "2419"]
[BlackElo "2182"]

1. e4 e5 2. Nf3 Nf6 3. Nxe5 d6 4. Nf3 Nxe4 5. Nc3 Nxc3 6. dxc3 Be7 7. Bd3 Nc6 8.
O-O O-O 9. h3 Re8 10. Bf4 Bf6 11. Re1 Be6 12. Qd2 h6 13. Re2 Qd7 14. Rae1 Re7
15. Be4 Rae8 16. Qd3 d5 17. Bh7+ Kh8 18. Be3 b6 19. a3 Qc8 20. Bd4 Nxd4 21. Nxd4
c5 22. Nxe6 Rxe6 23. Bf5 Rxe2 24. Rxe2 Qd8 25. Kf1 Rxe2 26. Kxe2 h5 27. Qb5
1/2-1/2

[Event "QA-ANNIV-02"]
[Site "http://www.queenalice.com/game.php?id=271752"]
[Date "2007.9.14"]
[Round "9"]
[White "andbra"]
[Black "Lukius"]
[Result "1/2-1/2"]
[WhiteElo "2190"]
[BlackElo "2492"]

1. Nf3 c5 2. c4 Nf6 3. Nc3 Nc6 4. d4 cxd4 5. Nxd4 e6 6. a3 Be7 7. e4 O-O 8. Nf3
b6 9. Be2 Bb7 10. Bf4 e5 11. Nxe5 Nxe5 12. Bxe5 d6 13. Bd4 Nxe4 14. Nxe4 Bxe4
15. O-O Re8 16. Re1 Bf6 17. Bf1 1/2-1/2

[Event "AUTO-MASTER-386"]
[Site "http://www.queenalice.com/game.php?id=276648"]
[Date "2007.9.24"]
[Round "1"]
[White "Panter"]
[Black "andbra"]
[Result "1-0"]
[WhiteElo "2265"]
[BlackElo "2214"]

1. e4 c5 2. d4 cxd4 3. Qxd4 Nc6 4. Qd1 Nf6 5. Nc3 e6 6. Nf3 Qc7 7. Bd3 a6 8. O-O
Bc5 9. Bg5 b5 10. Bh4 Ng4 11. Bg3 d6 12. Ne2 O-O 13. Nc1 Bb7 14. c3 Bb6 15. a4
b4 16. Na2 bxc3 17. Nxc3 Bc5 18. Ne2 Nge5 19. Nxe5 Nxe5 20. Bxe5 dxe5 21. Rc1
Qb6 22. Qc2 Rac8 23. Nc3 Rfd8 24. Qe2 Rd4 25. Rfd1 Rcd8 26. Qc2 Be7 27. Qe2 Bg5
28. Rb1 g6 29. h3 f5 30. exf5 gxf5 31. Qh5 Bf6 32. Bf1 Qc7 33. Qh6 1-0

[Event "AUTO-MASTER-386"]
[Site "http://www.queenalice.com/game.php?id=276649"]
[Date "2007.9.24"]
[Round "1"]
[White "andbra"]
[Black "Panter"]
[Result "1/2-1/2"]
[WhiteElo "2189"]
[BlackElo "2234"]

1. d4 Nf6 2. Nf3 d5 3. c4 c6 4. Nc3 dxc4 5. a4 Bf5 6. e3 e6 7. Bxc4 Bd6 8. O-O
Nbd7 9. Qe2 Ne4 10. Nxe4 Bxe4 11. Nd2 Bg6 12. e4 O-O 13. f4 Re8 14. Bd3 Rc8 15.
Nc4 Bf8 16. g4 f6 17. f5 Bf7 18. fxe6 Bxe6 19. Be3 Bb4 20. a5 Qe7 21. Ra4 Rcd8
22. Rd1 1/2-1/2

[Event "AUTO-MASTER-386"]
[Site "http://www.queenalice.com/game.php?id=276662"]
[Date "2007.9.24"]
[Round "1"]
[White "andbra"]
[Black "gdan"]
[Result "1-0"]
[WhiteElo "2206"]
[BlackElo "2076"]

1. d4 d5 2. c4 c6 3. Nf3 Nf6 4. Nc3 e6 5. e3 Nbd7 6. Qc2 Bd6 7. Bd3 dxc4 8. Bxc4
O-O 9. O-O e5 10. Bb3 exd4 11. exd4 Qc7 12. Bg5 h6 13. Bxh6 Ng4 14. Bg5 Bxh2+
15. Kh1 Nb6 16. g3 Bxg3 17. fxg3 Qxg3 18. Qg2 Qd6 19. Ne5 Nxe5 20. dxe5 Qxe5 21.
Rae1 Qc7 22. Bh6 g6 23. Qxg6+ 1-0

[Event "AUTO-MASTER-386"]
[Site "http://www.queenalice.com/game.php?id=276663"]
[Date "2007.9.24"]
[Round "1"]
[White "gdan"]
[Black "andbra"]
[Result "1-0"]
[WhiteElo "1988"]
[BlackElo "2204"]

1. e4 c5 2. Nf3 d6 3. d4 cxd4 4. Nxd4 Nf6 5. Nc3 Nc6 6. f3 e5 7. Nb3 Be7 8. Be3
O-O 9. g4 Be6 10. Qd2 d5 11. exd5 Nxd5 12. Nxd5 Bh4+ 13. Bf2 Bxd5 14. Be2 Bxf2+
15. Kxf2 Qh4+ 16. Kg1 Rad8 17. Qe1 Qxe1+ 18. Rxe1 Bxb3 19. axb3 Rd2 20. Bd3 Nd4
21. Be4 Nxc2 22. Bxc2 Rxc2 23. h4 Rxb2 24. Rxe5 1-0

[Event "AUTO-MASTER-386"]
[Site "http://www.queenalice.com/game.php?id=276664"]
[Date "2007.9.24"]
[Round "1"]
[White "andbra"]
[Black "Nelson_Abe"]
[Result "1-0"]
[WhiteElo "2203"]
[BlackElo "1912"]

1. d4 d5 2. c4 c6 3. Nf3 Nf6 4. Nc3 e6 5. e3 Nbd7 6. Bd3 dxc4 7. Bxc4 b5 8. Bd3
Bb7 9. O-O Be7 10. e4 O-O 11. e5 Nd5 12. Nxd5 exd5 13. Bd2 a6 14. Qe2 c5 15. e6
fxe6 16. Qxe6+ Kh8 17. Ba5 Qxa5 18. Qxd7 c4 19. Qxe7 cxd3 20. Qxb7 Qb4 21. Qxd5
Rad8 22. Qb3 Qc4 23. Rfc1 Qxb3 24. axb3 Rd6 25. Rd1 1-0

[Event "AUTO-MASTER-386"]
[Site "http://www.queenalice.com/game.php?id=276665"]
[Date "2007.9.24"]
[Round "1"]
[White "Nelson_Abe"]
[Black "andbra"]
[Result "0-1"]
[WhiteElo "1927"]
[BlackElo "2199"]

1. d4 Nf6 2. Nf3 g6 3. g3 Bg7 4. Bg2 O-O 5. O-O d5 6. b3 Ne4 7. Bb2 c5 8. Nbd2
Nc6 9. e3 Bf5 10. Nh4 cxd4 11. Nxf5 gxf5 12. Nxe4 dxe4 13. exd4 Bxd4 14. Bxd4
Qxd4 15. Qh5 Qf6 16. Rad1 Rfd8 17. Bh3 e6 18. g4 f4 19. g5 Qc3 20. g6 hxg6 21.
Qh6 Rxd1 22. Rxd1 Ne5 23. Kh1 Qf3+ 0-1

[Event "QA-ANNIV-02"]
[Site "http://www.queenalice.com/game.php?id=311855"]
[Date "2007.11.28"]
[Round "10"]
[White "gbsalvio"]
[Black "andbra"]
[Result "1-0"]
[WhiteElo "2443"]
[BlackElo "2186"]

1. Nc3 c5 2. e4 d6 3. Nf3 a6 4. d4 cxd4 5. Nxd4 Nf6 6. f3 e6 7. Be3 b5 8. Qd2
Bb7 9. g4 h6 10. O-O-O Nbd7 11. h4 b4 12. Na4 Qa5 13. b3 Nc5 14. a3 Nxa4 15.
axb4 Qc7 16. bxa4 d5 17. e5 Nd7 18. f4 1-0